MARC details
| 000 -LEADER |
| fixed length control field |
02207cam a2200577 a 4500 |
| 001 - CONTROL NUMBER |
| control field |
20435 |
| 003 - CONTROL NUMBER IDENTIFIER |
| control field |
VRT |
| 005 - DATE AND TIME OF LATEST TRANSACTION |
| control field |
20260122140309.0 |
| 008 - FIXED-LENGTH DATA ELEMENTS--GENERAL INFORMATION |
| fixed length control field |
240226s1999 xo gr 000 jdslo |
| 015 ## - NATIONAL BIBLIOGRAPHY NUMBER |
| National bibliography number |
SNBA2004/03-02107 |
| 020 ## - INTERNATIONAL STANDARD BOOK NUMBER |
| International Standard Book Number |
8088834481 |
| 035 ## - SYSTEM CONTROL NUMBER |
| System control number |
SNK000406353 |
| 035 ## - SYSTEM CONTROL NUMBER |
| System control number |
urn:nbn:sk:snk-am3iwjk |
| 035 ## - SYSTEM CONTROL NUMBER |
| System control number |
F10F9419-67E2-4568-B921-BF06C3CF78E7 |
| 035 ## - SYSTEM CONTROL NUMBER |
| System control number |
urn:nbn:sk:snk-am00g55q |
| 039 #9 - LEVEL OF BIBLIOGRAPHIC CONTROL AND CODING DETAIL [OBSOLETE] |
| Level of rules in bibliographic description |
202402261500 |
| Level of effort used to assign nonsubject heading access points |
VLOAD |
| Level of effort used to assign subject headings |
202205110850 |
| Level of effort used to assign classification |
VLOAD |
| Level of effort used to assign subject headings |
202201070905 |
| Level of effort used to assign classification |
VLOAD |
| Level of effort used to assign subject headings |
202201051645 |
| Level of effort used to assign classification |
VLOAD |
| 040 ## - CATALOGING SOURCE |
| Original cataloging agency |
SNK |
| Language of cataloging |
slo |
| Transcribing agency |
SNK |
| Description conventions |
AACR2 |
| 041 0# - LANGUAGE CODE |
| Language code of text/sound track or separate title |
slo |
| 043 ## - GEOGRAPHIC AREA CODE |
| Geographic area code |
e-xo--- |
| 044 ## - COUNTRY OF PUBLISHING/PRODUCING ENTITY CODE |
| MARC country code |
xo |
| ISO country code |
SK |
| 072 #7 - SUBJECT CATEGORY CODE |
| Subject category code |
821.162.4.09 |
| Subject category code subdivision |
Slovenská literatúra (o nej) |
| Source |
konspekt |
| 080 ## - UNIVERSAL DECIMAL CLASSIFICATION NUMBER |
| Universal Decimal Classification number |
821.162.4-051 |
| Edition identifier |
2011 |
| 080 ## - UNIVERSAL DECIMAL CLASSIFICATION NUMBER |
| Universal Decimal Classification number |
821.162.4-32 |
| Edition identifier |
2011 |
| 080 ## - UNIVERSAL DECIMAL CLASSIFICATION NUMBER |
| Universal Decimal Classification number |
(0:82-94) |
| Edition identifier |
2011 |
| 100 1# - MAIN ENTRY--PERSONAL NAME |
| Personal name |
Záborský, Jonáš, |
| Dates associated with a name |
1812-1876 |
| Relationship |
aut |
| 245 10 - TITLE STATEMENT |
| Title |
Rebel slovenskej literatúry |
| Statement of responsibility, etc. |
Jonáš Záborský |
| 260 ## - PUBLICATION, DISTRIBUTION, ETC. |
| Place of publication, distribution, etc. |
Rohovce |
| Name of publisher, distributor, etc. |
Interpopulart Slovakia |
| Date of publication, distribution, etc. |
[1999] |
| 300 ## - PHYSICAL DESCRIPTION |
| Extent |
119 strán |
| Dimensions |
21 cm |
| 490 1# - SERIES STATEMENT |
| Series statement |
Populart. Slovenská romantická literatúra |
| 490 1# - SERIES STATEMENT |
| Series statement |
Študentská knižnica |
| Volume/sequential designation |
49 |
| 600 17 - SUBJECT ADDED ENTRY--PERSONAL NAME |
| Personal name |
Záborský, Jonáš, |
| Dates associated with a name |
1812-1876 |
| Source of heading or term |
SNKMA |
| 650 07 - SUBJECT ADDED ENTRY--TOPICAL TERM |
| Topical term or geographic name entry element |
slovenskí spisovatelia |
| Source of heading or term |
SNKPH |
| 650 07 - SUBJECT ADDED ENTRY--TOPICAL TERM |
| Topical term or geographic name entry element |
Slovak authors |
| Source of heading or term |
SNKPHeng |
| 655 #7 - INDEX TERM--GENRE/FORM |
| Genre/form data or focus term |
slovenské poviedky |
| Source of term |
SNKPH |
| 655 #7 - INDEX TERM--GENRE/FORM |
| Genre/form data or focus term |
autobiografické spomienky |
| Source of term |
SNKPH |
| 655 #7 - INDEX TERM--GENRE/FORM |
| Genre/form data or focus term |
Slovak stories |
| Source of term |
SNKPHeng |
| 655 #7 - INDEX TERM--GENRE/FORM |
| Genre/form data or focus term |
Autobiographical reminiscences |
| Source of term |
SNKPHeng |
| 830 #0 - SERIES ADDED ENTRY--UNIFORM TITLE |
| Uniform title |
Populart |
| Name of part/section of a work |
Slovenská romantická literatúra |
| 830 #0 - SERIES ADDED ENTRY--UNIFORM TITLE |
| Uniform title |
Študentská knižnica |
| 910 ## - USER-OPTION DATA (OCLC) |
| User-option data |
snk |
| 942 ## - ADDED ENTRY ELEMENTS (KOHA) |
| Source of classification or shelving scheme |
Dewey Decimal Classification |
| Koha item type |
Krásna literatúra pre dospelých |
| Suppress in OPAC |
No |
| 949 ## - LOCAL PROCESSING INFORMATION (OCLC) |
| 6 |
270001000066127 |
| a |
svkbbA 94670 |
| b |
svkbbm 613243 |
| p |
612.571 |
| 949 ## - LOCAL PROCESSING INFORMATION (OCLC) |
| 6 |
3912003117 |
| a |
knkjsdo/B |
| b |
knkjs2008/245185 |
| 949 ## - LOCAL PROCESSING INFORMATION (OCLC) |
| 6 |
3912003116 |
| a |
knkjsdo/B |
| b |
knkjs2008/245888 |
| 949 ## - LOCAL PROCESSING INFORMATION (OCLC) |
| 6 |
3912003115 |
| a |
knkjsdo/B |
| b |
knkjs2008/245889 |
| 949 ## - LOCAL PROCESSING INFORMATION (OCLC) |
| 6 |
3912003114 |
| a |
knkjsdo/B |
| b |
knkjs2008/260572 |
| 949 ## - LOCAL PROCESSING INFORMATION (OCLC) |
| 6 |
270001000066128 |
| a |
svkbbA 94670 |
| b |
svkbbm 612571 |
| o |
oprava väzby |
| 949 ## - LOCAL PROCESSING INFORMATION (OCLC) |
| 6 |
270001000066129 |
| a |
svkbbA 94670 |
| b |
svkbbm 612572 |
| p |
613.243 |
| 949 ## - LOCAL PROCESSING INFORMATION (OCLC) |
| 6 |
17A0378278 |
| 9 |
P60, <03>, [BOOK], {603} |
| a |
snkSC 111084 |
| b |
snkKSP 3899/2003 |
| s |
6100:20210419 |
| 949 ## - LOCAL PROCESSING INFORMATION (OCLC) |
| 6 |
3830001112457 |
| a |
kurukT18/ZABO1-10 |
| b |
kuruk2016/F5601 |
| o |
D2016/študentka SJ/október 2014 |